000 01037aas a2200253 4500
999 _c1716
_d1716
003 BR-BrBNA
005 20230317233304.0
007 ta
008 230119b bl ||||| |||| 00| 0 por d
022 _a0365-2726
035 _a000485-5
040 _aBR-BrBNA
_bPor
_cBR-BrBNA
042 _a002287-X
044 _abl
245 _aO Agronômico (Brazil)
260 _aCampinas-SP
_bInstituto Agronômico
_c1941
_eBSP
270 _aAv. Barão de Itabura 1481 - Caixa Postal 28 - 13100-000 - Campinas - SP
310 _airregular
500 _aTítulo da Capa - Boletim Informativo "O Agronômico"
505 _a1941 1(1-12); 1949-50 1-2 (1-21); 1953-54 (52-69); 1955-66 7-18; 1967 19(1-10); 1968-69 20-21(1-12); 1970-83 22-35 (nºúnico); 1984 36(1-2); 1985-94 37-46(1-3); 1995-98 47-50 (nºúnico); 1999 51(1-3); 2000 52(1-3); 2001 53(1-2); 2002 54(1-2); 2003 55(1-2); 2004 56(1-2); 2005 57(1-2); 2007 59(1-2); 2008-2011 60-63;
650 1 2 _gBIOTECNOLOGIA; AGRICULTURA; ECONOMIA AGRICOLA
909 _a56
_bSergio Santos
_c56
_dSergio Santos
942 _cCR
_2AGRIS